TOEFL iBT activator :Reading Advanced

Đã lưu trong:
Chi tiết về thư mục
Định dạng: Sách
Ngôn ngữ:English
Được phát hành: Tp.HCM : Nxb Tổng hợp Hồ Chí Minh , 2008.
Những chủ đề:
Các nhãn: Thêm thẻ
Không có thẻ, Là người đầu tiên thẻ bản ghi này!
Thư viện lưu trữ: Mạng thư viện Đại học Đà Nẵng
LEADER 01093nam a22003371a 4500
001 000035135
005 20210621094230.0
020 |c 98000 
040 |a lnn  |c lnn  |d lnn 
041 0 |a eng 
082 1 4 |a 428.0076  |b TO-A 
245 1 0 |a TOEFL iBT activator :Reading  |n Advanced 
246 3 |a TOEFL iBT. 
260 |a Tp.HCM :  |b Nxb Tổng hợp Hồ Chí Minh ,  |c 2008. 
300 |a 224p. :  |b ill. ;  |c 26 cm. 
630 0 4 |a English language. 
630 0 4 |a TOEFL. 
650 0 4 |a English language  |x Reading 
650 0 4 |a English language  |x Reading. 
650 0 4 |a English language  |x Textbooks for foreign speakers. 
OWN |a LNN 
902 |a TKA 
AVA |a UDN50  |b LNN  |c English  |d NG-H 420.8  |e check_holdings  |t Error 5003 Not defined in file expand_doc_bib_avail.  |h N  |j AN 
999 |a From the UDN01 
AVA |a UDN50  |b LNN  |c English  |d NG-H 420.8  |e available  |t Error 5001 Not defined in file expand_doc_bib_avail.  |f 14  |g 0  |h N  |i 2  |j AN 
TYP |a Monograph 
TYP |a Printed language 
TYP |a GV 
980 |a Mạng thư viện Đại học Đà Nẵng